LEADER 04634nam 2200601Ia 450 001 9910458314403321 005 20200520144314.0 010 $a1-4384-3304-2 010 $a1-4416-4877-1 035 $a(CKB)2560000000013034 035 $a(EBL)3407083 035 $a(SSID)ssj0000429130 035 $a(PQKBManifestationID)11323197 035 $a(PQKBTitleCode)TC0000429130 035 $a(PQKBWorkID)10429572 035 $a(PQKB)10092702 035 $a(MiAaPQ)EBC3407083 035 $a(Au-PeEL)EBL3407083 035 $a(CaPaEBR)ebr10573944 035 $a(OCoLC)615626282 035 $a(EXLCZ)992560000000013034 100 $a20091103d2010 uy 0 101 0 $aeng 135 $aur|n|---||||| 181 $ctxt 182 $cc 183 $acr 200 00$aSUNY at sixty$b[electronic resource] $ethe promise of the State University of New York /$fedited by John B. Clark, W. Bruce Leslie, and Kenneth P. O'Brien 210 $aAlbany $cState University of New York Press$dc2010 215 $a1 online resource (391 p.) 300 $a"SUNY scholarly conferences." 311 $a1-4384-3303-4 320 $aIncludes bibliographical references and index. 327 $a""SUNY at Sixty""; ""Table of Contents""; ""Acknowledgments""; ""Foreword""; ""Introduction: Taking Stock of New York's State University after Six Decades""; ""I. A Guided Tour through SUNYa???s First Six Decades""; ""II. Twenty-Seven Ways to Understand SUNY""; ""The Empire State Creates a University""; ""Introduction""; ""I. Shared Goals, Different Politics, and Differing Outcomes: The Truman Commission and the Dewey Commission""; ""II. Forging SUNY in New Yorka???s Political Cauldron""; ""III. The Temporary Commission Surveys Bias in Admissions""; ""The Building Blocks of SUNY"" 327 $a""Introduction""""I. SUNY Oswego: From Recovery and Refugees to Re-Invention and Revival""; ""II. Rescuing the State Teachers College from Historya???s Scrapheap""; ""III. a???A Touch of New England in Western New Yorka???: The Transformation of SUNY Geneseo""; ""IV. From Schools of Agriculture to Colleges of Technology: A Century of Evolution""; ""Varied Missions in Americaa???s Largesta???Comprehensive Universitya???""; ""Introduction""; ""I. The College of Environmental Science and Forestry and SUNY: A Unique Relationship ""; ""II. SUNY Maritime College: A History"" 327 $a""III. Why a University Press Should Be and Must Be Relevant""""Community Colleges: Emergence of an Educational Giant""; ""Introduction""; ""I. A Retrospective View of the Westchester Community College Experience""; ""II. The Pioneers Speak: Voices from the Early Years of the SUNY Community Colleges""; ""SUNY Strides onto the National Research Stage""; ""Introduction""; ""I. Presidential Leadership, Change, and Community: SUNY Buffalo from 1966 to 1981""; ""II. Documenting Research at SUNY University Centers: A Comparative Approach"" 327 $a""III. Better Late Than Never: Intentions, Timing, and Results in Creating SUNY Research Universities""""The Best Laid Plans""; ""Introduction""; ""I. James Bryant Conant and the Limits of Educational Planning in California and New York""; ""II. Three Historical Moments: Contested Visions of the State University of New York ""; ""III. An Assessment of the Recommendations of the NYS Commission on Higher Education""; ""a???Diversitya???a???Demography, Culture, and Education for a Changing New York""; ""Introduction"" 327 $a""I. Changing Demographics andRepresentational Dilemmas: Latinos at SUNY and CUNY Meeting the Diversity Challenge""""II. Creating Educational Equity: A Brief Look at the History and Development of the SUNY EOCs and EOP""; ""SUNY in and of the World""; ""Introduction""; ""I. SUNYa???s Strategic Role in International Higher Education""; ""Appendix: Timeline of Enrollment Growth""; ""II. SUNY from an English Perspective""; ""The View from the SUNY Tower: Two Chancellors Look Back""; ""I. Historical Vignettes of SUNY: A Personal Sampling"" 327 $a""II. The State University of New York:Memories and Perspectives"" 606 $aHigher education and state$zNew York (State)$xHistory 608 $aElectronic books. 615 0$aHigher education and state$xHistory. 676 $a378.747 701 $aLeslie$b William Bruce$0973144 701 $aClark$b John B$018755 701 $aO'Brien$b Kenneth Paul$0973145 801 0$bMiAaPQ 801 1$bMiAaPQ 801 2$bMiAaPQ 906 $aBOOK 912 $a9910458314403321 996 $aSUNY at sixty$92214078 997 $aUNINA